Engineering measurements and instrumentation (Record no. 1202)
[ view plain ]
| 000 -LEADER | |
|---|---|
| Fixed length control field | 00475nam a2200181 4500 |
| 003 - CONTROL NUMBER IDENTIFIER | |
| Control field | SEACOMEC |
| 005 - DATE AND TIME OF LATEST TRANSACTION | |
| Control field | 20240523151851.0 |
| 008 - FIXED-LENGTH DATA ELEMENTS--GENERAL INFORMATION | |
| Fixed length control field | 240523b |||||||| |||| 00| 0 eng d |
| 020 ## - INTERNATIONAL STANDARD BOOK NUMBER / ISBN | |
| International Standard Book Number | 8185719825 |
| Price | 125.00 |
| 040 ## - CATALOGING SOURCE | |
| Original cataloging agency | SEACOMEC |
| 082 ## - DEWEY DECIMAL CLASSIFICATION NUMBER | |
| Classification number | 620.004 |
| Book Number | R161 |
| 100 ## - MAIN ENTRY--PERSONAL NAME | |
| Personal name | Rajput, R.K |
| 245 1# - TITLE STATEMENT | |
| Title | Engineering measurements and instrumentation |
| Statement of responsibility | R.K Rajput |
| 250 ## - EDITION STATEMENT | |
| Edition statement | 4th ed. |
| 260 ## - IMPRINT | |
| Place of publication | Delhi |
| Name of publisher | S. K. Kataria |
| Date of publication | 2004 |
| 650 ## - SUBJECT ADDED ENTRY--TOPICAL TERM | |
| Topical term | INSTRUMENTATION |
| 942 ## - ADDED ENTRY ELEMENTS (KOHA) | |
| Koha item type | Books |
| Withdrawn status | Lost status | Source of classification | Damaged status | Not for loan | Home library | Current library | Date acquired | Total Checkouts | Call number | Accession number | Date last seen | Price effective from | Koha item type | Copy number | Checked out | Date checked out |
|---|---|---|---|---|---|---|---|---|---|---|---|---|---|---|---|---|
| Dewey Decimal Classification | SEACOM ENGINEERING COLLEGE | SEACOM ENGINEERING COLLEGE | 24/01/2008 | 620.004 R161 | 9294 | 23/05/2024 | 23/05/2024 | Books | ||||||||
| Dewey Decimal Classification | SEACOM ENGINEERING COLLEGE | SEACOM ENGINEERING COLLEGE | 25/01/2008 | 620.004 R161 | 9295 | 23/05/2024 | 23/05/2024 | Books | 1 | |||||||
| Dewey Decimal Classification | SEACOM ENGINEERING COLLEGE | SEACOM ENGINEERING COLLEGE | 25/01/2008 | 1 | 620.004 R161 | 9296 | 10/04/2026 | 23/05/2024 | Books | 2 | 24/04/2026 | 10/04/2026 | ||||
| Dewey Decimal Classification | SEACOM ENGINEERING COLLEGE | SEACOM ENGINEERING COLLEGE | 25/01/2008 | 620.004 R161 | 9297 | 23/05/2024 | 23/05/2024 | Books | 3 | |||||||
| Dewey Decimal Classification | SEACOM ENGINEERING COLLEGE | SEACOM ENGINEERING COLLEGE | 25/01/2008 | 620.004 R161 | 9298 | 23/05/2024 | 23/05/2024 | Books | 4 |
